Responses for Show #3437 - Tuesday, July 13, 1999

Contestants

[<< previous game]

Karen Skochinski, a communications consultant and homemaker from Thunder Bay, Ontario

Franklin Leonard, a student from Cambridge, Massachusetts

Laura Miller, a writer from Los Angeles, California (whose 2-day cash winnings total $14,998)

[next game >>]

Jeopardy! Round responses

NICE BUNNIES
THE ELECTORAL COLLEGE
LIVE FROM THE SCENE
FICTIONAL SERVANTS
CLOTHES
RHYME TIME
    $100 30
Trix

Franklin
    $100 7
California

Karen
    $100 18
Politically Incorrect

Laura
    $100 1
The Nanny (Fran Fine)

Laura
    $100 6
Petticoat

Franklin
    $100 14
Toad load

Karen
    $200 29
Peter Rabbit

Karen
    $200 10
(Franklin: What is November?)

December

Franklin
Triple Stumper
    $200 19
Capitol building

Triple Stumper
    $200 2
Lurch

Laura
    $200 8
Fatigues

Karen
    $200 17
Calm balm

Triple Stumper
    $300 26
Thumper

Karen
    $300 11
Ronald Reagan

Franklin
    $300 20
Hong Kong

Karen
    $300 3
Eddie "Rochester" Anderson

Karen
    $300 9
Sheath

Franklin
    $300 23
Vermin sermon

Franklin
    $400 27
Bugs Bunny

Franklin
    $500 12
(Franklin: Who are Adams and Jefferson?)

Aaron Burr & Thomas Jefferson

Franklin
    $400 21
Connie Chung

Karen
    $400 4
Maria

Karen
    $400 15
Mao jacket

Karen
    $400 24
God squad

Karen
    $500 28
The Velveteen Rabbit

Laura
    $500 13
(Franklin: What is 438?)

538

Franklin
Triple Stumper
    $500 22
Area 51

Franklin
    $500 5
Alfred Pennyworth

Triple Stumper
    $500 16
Jodhpurs

Karen
    $500 25
Punk skunk

Karen

Scores at the first commercial break (after clue 14):

Laura Franklin Karen
$300 -$500 $1,100

Scores at the end of the Jeopardy! Round:

Laura Franklin Karen
$900 $800 $4,100

Double Jeopardy! Round responses

NICE BUNS!
ENGLISH SOVEREIGNS
BIBLICAL GEOGRAPHY
THE SILVER SCREEN
"W"RITERS
DEATH SENTENCES
    $200 17
Hot Cross Buns

Laura
    $200 7
(Karen: Who are [*] and [**]?)
(Alex: You gave me both of them.)
(Karen: Oops!)
(Alex: Oops, indeed... just be careful on the rest of them!)

Queen Victoria or Edward VII

Karen
    $200 12
Nile

Karen
    $200 15
To Be or Not to Be

Karen
    $200 1
H.G. Wells

Karen
    $200 6
(Franklin: Who is Paine?)

Patrick Henry

FranklinKaren
    $400 22
Scone

Karen
    $400 8
Harold II, Edward the Confessor or William the Conqueror

Karen
    $400 13
Dead Sea

Laura
    $400 18
Sigourney Weaver

Laura
    $400 2
Laura Ingalls Wilder

Karen
    $400 27
Andy Warhol

Laura
    $600 23
Pillsbury

Franklin
    $600 9
(Laura: Who was Henry VIII?)

Elizabeth I or Mary I ("Bloody Mary")

LauraKaren
    $600 14
Lions' Den

Triple Stumper
    $900 19
Arachnophobia

Laura
    $600 3
Herman Wouk

Karen
    $600 28
Dr. Johnson

Karen
    $800 24
Biscuit

Laura
    $800 10
George II or George III

Karen
    $800 16
(Laura: What is the land of milk and honey?)
(Karen: What is Ur?)

Goshen

LauraKaren
Triple Stumper
    $800 20
Sir Laurence Olivier

Laura
    $800 4
Lew Wallace

Franklin
    $1,900 29
[The end-of-round signal sounds.]

bullfighting

Karen
    $1000 25
(Alex: Minute to go.)

Chelsea bun

Karen
    $1000 11
George V, Edward VIII or George VI

Karen
    $1000 26
Bethany

Triple Stumper
    $1000 21
Love Story

Karen
    $1000 5
Parson Weems

Triple Stumper

Scores at the end of the Double Jeopardy! Round:

Laura Franklin Karen
$3,400 $2,000 $13,000
(lock game)

[wagering suggestions for these scores]

Final Jeopardy! Round responses

HISTORIC ISLANDS
(Alex: The Knights of Malta, expelled by Napoleon; the Knights Hospitallers.)
FranklinWhat is [Bar] dunster isle?
$1,324
LauraWhat is Singapore?
$601
KarenWhat is Malta?
$2,000
Malta

Final scores:

Laura Franklin Karen
$2,799 $676 $15,000
2nd place: Trip to International House Hotel, New Orleans 3rd place: Seiko Product Assortment New champion: $15,000

Game dynamics:

Coryat scores:

Laura Franklin Karen
$3,100 $2,500 $11,900
11 R
(including 1 DD),
2 W
9 R,
4 W
(including 1 DD)
29 R
(including 1 DD),
1 W

Combined Coryat: $17,500

[game clues] [game scores] [suggest correction]

Game tape date: Unknown
The J! Archive is created by fans, for fans. Scraping, republication, monetization, and malicious use prohibited; this site may use cookies and collect identifying information. See terms. The Jeopardy! game show and all elements thereof, including but not limited to copyright and trademark thereto, are the property of Jeopardy Productions, Inc. and are protected under law. This website is not affiliated with, sponsored by, or operated by Jeopardy Productions, Inc. Join the discussion at JBoard.tv.